[Event "8th HDBank Cup 2018"]
[Site "Hanoi"]
[Date "2018.03.10"]
[Round "2"]
[White "Wang, Hao"]
[Black "Pascua, Haridas"]
[Result "1/2-1/2"]
[WhiteElo "2713"]
[BlackElo "2431"]
[Annotator "TA"]
[PlyCount "77"]
[EventDate "2018.??.??"]
[EventCountry "VIE"]
[SourceTitle "playchess.com"]
[Source "ChessBase"]
[SourceQuality "1"]

{[%evp 22,77,34,42,61,51,56,55,49,0,40,33,29,14,13,0,4,0,0,0,17,0,0,0,27,30,28,36,51,20,29,0,0,0,4,0,0,0,0,0,47,37,42,33,55,45,70,17,20,0,0,-56,-56,-58,-58,-60,-60,-61]} 1. e4 c5 2. Nf3 e6 3. d4 cxd4 4. Nxd4 Nc6 5. Nc3 a6 6. g3 Qc7 7. Bg2 Nf6 8. O-O d6 9. Re1 Be7 10. Nxc6 bxc6 11. e5 dxe5 12. Rxe5 {LiveBook: 137 Games} Bd6 {B80: Sicilian Scheveningen: 6 g3 and 6 Be3, including English Attack} (12... O-O 13. Bf4 Qb7 14. Na4 Nd5 15. Bd2 Qc7 16. Re1 Rd8 17. Qf3 Bd7 18. Nc3 Rab8 19. Rab1 Be8 20. Qg4 Nf6 21. Qe2 c5 22. Bf4 {0-1 (48) Tiglon,B (2385)-Kuybokarov,T (2472) chess.com INT 2018}) 13. Re1 O-O 14. Bg5 Rb8 $146 {White is slightly better.} ({Find the theoretical novelty and annotate with similar games:} 14... Bd7 15. Qf3 Be5 16. Rad1 h6 17. Rxe5 Qxe5 18. Bxf6 Qc7 19. Qg4 g6 20. Qh4 Kh7 21. Ne4 {1-0 (21) Hackman,P (2015)-Clancy,M (1958) Bournemouth 2016}) 15. Qc1 c5 16. Bxf6 gxf6 {[%cal Bg7f6,Bf6f5][%mdl 32]} 17. Qh6 {[#] aiming for Ne4.} f5 $1 18. Qg5+ Kh8 19. Qf6+ Kg8 {White should prevent ...Be7.} 20. Qg5+ Kh8 21. Rad1 Be7 22. Qe3 Bb7 23. Bxb7 Rxb7 24. Ne2 {[%cal Bc3e2,Be2c1,Bc1b3][%mdl 32]} Bd6 25. Nc1 Rb4 26. Qc3+ Kg8 27. a3 Rg4 28. Nb3 Rc8 29. Nd2 c4 30. Nf3 Rb8 31. Ne5 Bxe5 $1 32. Rxe5 Qb6 33. Re2 h6 34. h3 (34. b4 $14) 34... Rg7 35. Qe5 Kh7 36. c3 (36. Rd4 $11) 36... Rxg3+ $1 $15 {Black is slightly better.} 37. Qxg3 Rg8 38. Qxg8+ Kxg8 39. Rd4 {Precision: White = 58%, Black = 58%.} 1/2-1/2

[Event "8th HDBank Cup 2018"]
[Site "Hanoi"]
[Date "2018.03.10"]
[Round "2"]
[White "Mareco, Sandro"]
[Black "Raghunandan, Kaumandur Srihari"]
[Result "1/2-1/2"]
[WhiteElo "2635"]
[BlackElo "2412"]
[Annotator "TA"]
[PlyCount "111"]
[EventDate "2018.??.??"]
[EventCountry "VIE"]
[SourceTitle "playchess.com"]
[Source "ChessBase"]
[SourceQuality "1"]

{[%evp 15,111,18,14,-4,-6,3,8,6,26,41,81,58,64,57,58,40,35,0,0,8,7,15,32,11,54,28,49,49,118,66,73,0,79,0,74,71,118,88,141,48,50,56,77,78,64,81,89,0,61,67,66,63,73,-25,44,51,57,54,65,6,6,0,68,75,133,133,146,141,194,148,148,148,160,123,130,130,125,122,125,127,136,135,113,118,193,20,31,0,8,8,8,0,0,0,0,0,0,0]} 1. d4 Nf6 2. c4 g6 3. g3 Bg7 4. Bg2 O-O 5. Nf3 d6 6. O-O Bf5 7. Nc3 c6 8. Ne1 d5 {LiveBook: 3 Games. E62: King's Indian: Fianchetto: 6...c6 and Panno Variation (6...Nc6) without ...a6} (8... Be6 9. d5 cxd5 10. cxd5 Bd7 11. Be3 a5 12. Bd4 Na6 13. Nd3 b5 14. a3 b4 15. axb4 Nxb4 16. Qd2 Rb8 17. Nxb4 Rxb4 {0-1 (57) Ding,L (2774)-Carlsen,M (2837) Saint Louis 2017}) 9. h3 $146 ({Predecessor:} 9. Qb3 dxc4 10. Qxb7 Nbd7 11. Qxc6 Nb6 12. Qb5 Rc8 13. e4 Bd7 14. Qa6 e5 15. dxe5 Ng4 16. f4 {1-0 (33) Dvirnyy,D (2534)-Pulvett Marin,D (2438) Seville 2018}) 9... dxc4 10. e4 Bc8 11. Nc2 b5 12. a4 bxa4 13. Ne3 Nfd7 14. e5 Nb6 15. f4 Na6 {[%cal Bb8a6,Ba6b4,Bb4d3][%mdl 32]} 16. Bxc6 Rb8 17. Bg2 Nb4 18. Nxa4 Nd3 19. d5 Bb7 {[%cal Rb6d5]} 20. Nc3 Qc7 21. Kh2 Qc5 (21... f6 $14) 22. Ne4 (22. Bd2 $16) 22... Qb5 23. Nc3 Qc5 24. Ne4 Qb5 $1 25. Bd2 Nxb2 26. Qb1 N6a4 (26... Nxd5 $142 27. Nxd5 Bxd5) 27. Rxa4 (27. Nc3 $16 Nxc3 28. Bxc3) 27... Qxa4 $14 28. Qxb2 Bxd5 $1 29. Qd4 Bxe4 30. Qxe4 ({Reject} 30. Bxe4 Rfd8 $15) 30... Rfd8 31. Nd5 (31. Nxc4 $16 Bf8 32. Rc1) 31... Qd7 (31... e6 $11 32. Ne7+ Kh8) 32. Bc3 $1 {[%mdl 1024] White has compensation.} e6 {[%cal Rd7d5]} 33. Nb4 Rdc8 34. Qf3 (34. Nc6 $16 Rb6 35. Na5) 34... a5 ({Black should try} 34... Bf8 $11 35. Nc6 Rb3) 35. Nc6 Rb3 36. Nxa5 Ra3 37. Rc1 (37. Rd1 $14 Qc7 38. Nc6) 37... Bf8 $11 38. Qb7 $36 {[%mdl 2048] White is more active.} Qxb7 (38... Rc7 $11 39. Qb2 Qd3) 39. Nxb7 $14 Rc7 (39... Ra2 $142) 40. Nd6 Ra2 41. h4 {[%cal Bh3h4,Bh4h5][%mdl 32]} Ra6 (41... Rd7 $16) 42. Ne8 Rc8 43. Nf6+ Kg7 44. h5 Bc5 45. Bf1 Ra2+ 46. Kh3 Ba3 47. Rd1 Rc2 {[#]} 48. Ne4 $1 gxh5 49. Rd7 Bc5 {[#]} (49... h6 $16 50. Bg2 h4) 50. g4 $2 ({White should play} 50. Bg2 $1 $18) 50... Be3 51. gxh5 {Hoping for Kg4.} Rxc3 {The position is equal.} 52. Nxc3 {Strongly threatening h6+!} Bxf4 53. Ne4 {Black must now prevent Nd6.} c3 {aiming for ...c2.} 54. Bd3 $1 {Threatens to win with Rxf7+!} c2 {[#]} ({But not} 54... Bxe5 55. Ng5 $16) 55. Bxc2 $1 {[%mdl 512]} Rxc2 56. Nd6 {Precision: White = 41%, Black = 37%.} 1/2-1/2

[Event "8th HDBank Cup 2018"]
[Site "Hanoi"]
[Date "2018.03.10"]
[Round "2"]
[White "Karthikeyan, Murali"]
[Black "Hoang, Canh Huan"]
[Result "1-0"]
[WhiteElo "2592"]
[BlackElo "2402"]
[Annotator "TA"]
[PlyCount "57"]
[EventDate "2018.??.??"]
[EventCountry "VIE"]
[SourceTitle "playchess.com"]
[Source "ChessBase"]
[SourceQuality "1"]

{[%evp 21,57,12,53,57,42,60,85,89,91,91,90,103,89,98,108,105,137,133,131,131,112,113,169,156,338,280,460,468,484,468,902,907,1261,1233,29981,29975,29993,29994]} 1. e4 c5 2. Nf3 Nc6 3. Nc3 d6 4. d4 cxd4 5. Nxd4 Nf6 6. Bg5 e6 7. Qd2 a6 8. O-O-O h6 9. Bf4 Bd7 10. Nxc6 Bxc6 11. Qe1 Qb8 {LiveBook: 3 Games. B66: Sicilian: Richter-Rauzer: 7...a6 8 0-0-0 h6} 12. Nd5 Nd7 13. f3 $146 ({Predecessor:} 13. Kb1 b5 14. f3 Bb7 15. Ne3 Be7 16. h4 Qc7 17. Be2 Qc5 18. Rd3 Ne5 19. Rc3 {1-0 (60) Galkin,A (2608)-Kozul,Z (2609) Kemer 2007}) 13... Bxd5 {White is slightly better.} 14. exd5 e5 15. h4 Be7 16. Be3 Qc7 17. g4 Rc8 {[%csl Gc8][%cal Rc7c2] [#]} 18. Bd3 Bd8 19. Kb1 Qa5 20. c3 Bb6 21. Bc1 Rc7 (21... Kd8 $16) 22. Bc2 {[%cal Bd3c2,Bc2b3,Bb3a4][%mdl 32]} Nf6 $2 (22... Kd8 $16 23. g5 h5) 23. g5 $18 {[%cal Bg4g5,Bg5h6][%mdl 32]} Nxd5 $2 (23... Nh5 {keeps fighting.} 24. gxh6 gxh6) 24. Bb3 Ne7 25. gxh6 g6 (25... gxh6 $142 26. Rxd6 Rc6) 26. Rxd6 Qc5 {[#]} 27. Rd5 $1 {[%mdl 512]} Qf2 (27... Nxd5 28. Qxe5+) 28. Qxe5 Rh7 29. Ba4+ {Precision: White = 97%, Black = 25%.} 1-0

[Event "8th HDBank Cup 2018"]
[Site "Hanoi"]
[Date "2018.03.10"]
[Round "2"]
[White "Bogdanovich, Stanislav"]
[Black "Taher, Yoseph Theolifus"]
[Result "1-0"]
[WhiteElo "2560"]
[BlackElo "2375"]
[Annotator "TA"]
[PlyCount "123"]
[EventDate "2018.??.??"]
[EventCountry "VIE"]
[SourceTitle "playchess.com"]
[Source "ChessBase"]
[SourceQuality "1"]

{[%evp 25,123,5,1,-5,0,4,8,8,15,10,31,-33,0,0,4,-21,-21,-21,-21,-21,-18,-35,-13,-16,-15,-14,-6,-27,0,0,0,0,0,-6,0,-6,0,0,22,18,73,72,60,65,74,49,72,71,72,68,102,102,94,97,93,57,102,102,162,81,81,81,366,391,383,346,374,366,373,369,863,850,869,860,817,83,166,0,731,597,669,575,399,588,550,285,6637,5093,29960,5097,29976,29978,29979,29980,29981,29982,29982,29983,29982,29983]} 1. d4 Nf6 2. c4 g6 3. Nc3 Bg7 4. e4 d6 5. Nf3 {[%cal Bg1f3,Bf3e1,Be1d3][%mdl 32]} O-O 6. Be2 e5 7. O-O Nc6 8. d5 Ne7 9. Ne1 Nd7 10. Nd3 f5 11. Bd2 fxe4 12. Nxe4 Nf6 13. Nxf6+ {E98: King's Indian: Classical Main Line: 9 Ne1} Bxf6 {[%cal Bg7f6,Bf6g5,Bg5e3][%mdl 32] LiveBook: 9 Games} 14. Bg4 Nf5 15. Re1 {The position is equal.} Bd7 16. Bc3 {[#]} Re8 $146 ({Predecessor:} 16... a5 17. Rc1 b6 18. Rc2 Rf7 19. b3 Qf8 20. Re4 Qg7 {½-½ (44) Ehlvest,J (2606)-Smirin,I (2662) Khanty-Mansiysk 2009}) 17. f3 Bg5 18. Qb3 (18. Nf2 $14) 18... b6 19. Nf2 Be3 20. Re2 Nd4 21. Bxd4 $1 Bxd4 22. Bxd7 Qxd7 23. Kf1 Bxf2 24. Kxf2 Rf8 25. Re4 Rf7 (25... Qg7 {feels hotter.} 26. Qe3 a5 27. Re1 Rf5 28. h3 Raf8) 26. Qb5 (26. Kg1 {is interesting.} a5 27. Qe3 Raf8 28. b3 Kg7 29. Re1) 26... a5 (26... Qf5 {with more complications.} 27. Rae1 Raf8 28. h3 h5 29. Kg1 Qg5) 27. Qxd7 Rxd7 $11 {[%mdl 4096] Endgame KRR-KRR} 28. Ke3 Rf8 29. Kd3 Rdf7 30. Rae1 Kg7 31. Kc2 Rf4 32. Kb3 R4f7 (32... R8f5 $11 {remains equal.}) 33. Ka4 $1 $16 g5 34. Kb5 Kg6 35. b3 h6 36. a3 Rg7 37. Kc6 Rff7 38. b4 axb4 39. axb4 h5 40. h3 Kf5 41. Ra1 g4 (41... Rf8 $16) 42. hxg4+ $18 hxg4 43. Ra7 gxf3 $2 {[%mdl 8192]} (43... Kf6 $16) 44. gxf3 Rh7 45. b5 Re7 46. Ra8 Ref7 47. Rc8 Rfg7 $2 (47... Kf6 48. Rg4 Kf5) 48. Rf8+ $1 Rf7 49. Rxf7+ Rxf7 {KR-KR} 50. Rg4 $2 (50. Re3 $18 Kf4 51. Ra3) 50... Rh7 {[#]} (50... Re7 $16) 51. Re4 $2 (51. c5 $1 {[%mdl 512]}) 51... Rf7 $1 {intending ...Rg7.} 52. Re3 Kf4 {[#]} 53. Ra3 $1 {[%cal Ra3a7]} Kg3 54. Ra7 Kxf3 55. c5 $1 {[%cal Rc5b6]} dxc5 $2 {[#]} (55... Rf8 56. Rxc7 (56. Kxc7 dxc5 57. Ra1 Kf2 $16) 56... dxc5) 56. d6 $1 {[%cal Rd6c7]} Rf6 57. Kxc7 e4 58. d7 {White mates.} Rf8 59. Ra1 Kf2 60. d8=Q Rxd8 61. Kxd8 c4 62. Ra4 {Precision: White = 74%, Black = 28%.} 1-0

[Event "8th HDBank Cup 2018"]
[Site "Hanoi"]
[Date "2018.03.10"]
[Round "2"]
[White "Sivuk, Vitaly"]
[Black "Vo, Thanh Ninh"]
[Result "0-1"]
[WhiteElo "2526"]
[BlackElo "2370"]
[Annotator "TA"]
[PlyCount "86"]
[EventDate "2018.??.??"]
[EventCountry "VIE"]
[SourceTitle "playchess.com"]
[Source "ChessBase"]
[SourceQuality "1"]

{[%evp 21,86,37,38,37,38,28,44,46,51,46,53,30,22,8,23,-7,-14,-12,0,0,0,0,0,-18,0,0,23,14,20,0,16,7,16,0,0,0,0,0,0,0,0,-3,33,37,84,82,82,0,76,61,82,64,90,-29992,-29993,-29995,-29996,-29998,-29990,-29990,-29989,-29989,-29990,-29994,-29995,-29995,-748]} 1. e4 c5 2. Nf3 Nc6 3. d4 cxd4 4. Nxd4 g6 5. c4 Bg7 6. Be3 Nf6 7. Nc3 Ng4 8. Qxg4 Nxd4 9. Qd1 Ne6 10. Qd2 Qa5 11. Rc1 d6 {LiveBook: 57 Games} 12. a3 {B39: Sicilian: Maroczy Bind with 5...Bg7 and 7...Ng4} (12. Be2 Nc5 13. f3 Be6 14. b3 O-O 15. Nd5 Qxd2+ 16. Kxd2 Bxd5 17. cxd5 a5 18. Bxc5 dxc5 19. Rxc5 Rfc8 20. Rc4 {1-0 (40) Andreikin,D (2700)-Popov,I (2609) Tyumen 2012}) 12... b6 13. Be2 Bb7 $146 ({Predecessor:} 13... O-O 14. O-O Bb7 15. f3 Rfe8 16. Rc2 Bc6 17. Nd5 Qxd2 18. Rxd2 Rac8 19. b3 Nc5 20. b4 {0-1 (29) Vermeulen,E (1722)-Sorokin,M (2087) ICCF email 2015}) 14. f3 {White is slightly better.} g5 15. O-O h5 16. Bd1 Bc6 17. Rf2 Be5 18. Nd5 Qxd2 19. Rxd2 h4 20. b4 Rc8 21. Bb3 Kf8 22. Rcc2 Bf4 23. Bxf4 gxf4 24. h3 Rg8 25. Nc3 Ng5 26. Kf2 Rg6 27. Nd5 e5 28. c5 dxc5 29. bxc5 bxc5 30. Rxc5 Rd6 31. Ra5 $132 {[%mdl 2048] White has counterplay} Ne6 32. Rxa7 Bb5 33. a4 Ba6 34. Rc2 (34. Rd1 $16) 34... Rb8 (34... Nc5 $1 $11 {keeps the balance.}) 35. Ba2 Bd3 $1 {[%cal Rd3c2]} 36. Rd2 {aiming for Nf6.} Rc6 {White must now prevent ...Rc1.} 37. Nf6 $2 {[%mdl 8192] [#]} ({Much worse is} 37. Rxd3 $6 Rc2+ 38. Ke1 Rxa2 $11) (37. Kg1 $16 Bc4 38. Nf6) 37... Rc1 $1 {[%csl Gd3][%cal Rc1f1] Black mates.} 38. Nd7+ Kg7 {[%csl Gd3][%cal Rc1f1]} 39. Re2 Bxe2 40. Kxe2 Rb2+ 41. Kd3 Rxa2 42. Nxe5 Nc5+ 43. Kd4 Rd2+ {Precision: White = 44%, Black = 59%.} (43... Nb3+ $142 44. Kd5 Rd2+ 45. Nd3 Rc5+ 46. Kd6 Rxd3+ 47. Ke7 Re5#) 0-1

[Event "8th HDBank Cup 2018"]
[Site "Hanoi"]
[Date "2018.03.10"]
[Round "2"]
[White "Tran, Tuan Minh"]
[Black "Chen, Qi b"]
[Result "1-0"]
[WhiteElo "2522"]
[BlackElo "2359"]
[Annotator "TA"]
[PlyCount "69"]
[EventDate "2018.??.??"]
[EventCountry "VIE"]
[SourceTitle "playchess.com"]
[Source "ChessBase"]
[SourceQuality "1"]

{[%evp 22,69,34,22,30,28,21,29,33,0,0,-10,-12,-11,41,44,52,57,52,65,48,54,54,7,45,45,54,53,141,146,157,174,537,534,535,505,579,458,683,683,721,721,713,703,954,621,29988,1378,29989,29990]} 1. d4 Nf6 2. c4 e6 3. Nf3 d5 4. Nc3 c6 5. Bg5 Nbd7 6. e3 Qa5 7. cxd5 Nxd5 8. Rc1 {D52: Queen's Gambit Declined: Cambridge Springs Variation} Nxc3 9. bxc3 Ba3 10. Rc2 b6 11. Bd3 Ba6 12. O-O {LiveBook: 5 Games} Bxd3 13. Qxd3 O-O 14. Bh4 h6 {[#]} 15. e4 $146 ({Predecessor:} 15. c4 Rfe8 {0-1 (60) Sargissian,G (2677)-Smirnov,A (2527) chess.com INT 2018}) 15... Rfe8 16. Nd2 Bf8 17. f4 Qh5 ({Black should try} 17... Qa4 $11) 18. Nf3 $14 c5 19. Qb5 Be7 20. Qxd7 Bxh4 21. Ne5 $36 {[%mdl 2048] White has good play.} f5 22. d5 Rad8 23. Qxa7 exd5 24. exd5 Bf6 {[#]} (24... Rxd5 $14 25. Qxb6 Kh7) 25. c4 $1 $16 ({But not} 25. Qxb6 $6 Bxe5 26. fxe5 Rxd5 $14) 25... Bxe5 26. fxe5 Qg4 $2 (26... Rxe5 {is more resistant.} 27. Qxb6 Rc8) 27. e6 $18 {[%cal Be5e6,Be6e7][%mdl 32]} Qd4+ 28. Kh1 b5 29. Rcc1 bxc4 {[#]} (29... Qf6 $142 30. Qxc5 bxc4 31. Qxc4 (31. Rxc4 Qe5 $16) 31... Qe5) 30. Qf7+ $1 Kh8 31. e7 Rb8 32. Rcd1 Qe4 33. d6 Rb2 {[%csl Gb2][%cal Re4g2]} 34. Qxe8+ Kh7 35. Rg1 {Precision: White = 71%, Black = 41%.} 1-0

[Event "8th HDBank Cup 2018"]
[Site "Hanoi"]
[Date "2018.03.10"]
[Round "2"]
[White "Le, Tuan Minh"]
[Black "Sharma, Dinesh K."]
[Result "1/2-1/2"]
[WhiteElo "2489"]
[BlackElo "2247"]
[Annotator "TA"]
[PlyCount "87"]
[EventDate "2018.??.??"]
[EventCountry "VIE"]
[SourceTitle "playchess.com"]
[Source "ChessBase"]
[SourceQuality "1"]

{[%evp 15,87,56,37,58,44,22,25,18,12,0,6,0,11,-10,-19,-14,-12,-3,0,-20,-5,-11,-7,-17,-7,-2,10,3,19,-20,0,0,7,7,9,5,18,-29,0,0,35,35,35,37,25,40,49,47,46,40,61,60,74,41,39,4,8,11,41,0,0,0,0,0,8,8,8,8,8,8,8,8,8,8]} 1. d4 d5 2. c4 c6 3. Nc3 dxc4 4. e3 b5 5. a4 b4 6. Ne4 {D10: Slav Defence: 3 cxd5 (without early Nf3) and 3 Nc3} Qd5 7. Ng3 e5 (7... Nf6 8. Be2 Nbd7 9. Nf3 Ba6 10. O-O e6 11. b3 Qa5 12. bxc4 c5 13. Bb2 Rd8 {1-0 (41) Mamedyarov,S (2772)-Holt,C (2555) chess.com INT 2017}) 8. Nf3 exd4 {LiveBook: 3 Games} 9. e4 Qc5 $1 10. Qxd4 $146 ({Predecessor:} 10. Nxd4 b3 11. Be2 Qa5+ 12. Bd2 Bb4 13. Bxc4 Bxd2+ 14. Qxd2 Qxd2+ 15. Kxd2 {1-0 (39) Gonzalez Velez,F (2315)-Gual Pascual,A (2420) Salamanca 1998}) 10... Ba6 11. Be3 (11. Qe5+ {seems wilder.} Qxe5 12. Nxe5 c3 13. bxc3 bxc3 14. Be3) 11... Qxd4 12. Nxd4 Nf6 13. Rc1 Ng4 14. Ndf5 Nxe3 15. Nxe3 c3 16. bxc3 bxc3 17. Nd1 Bb4 {[#] ( -> ...c2+)} 18. Nxc3 Bb7 19. Bc4 Nd7 20. O-O Nb6 21. Bb3 O-O 22. e5 (22. Na2 $5 {[%cal Ra2b4]} Bd2 23. Rc2 $11) 22... Ba6 23. Rfd1 Rfd8 24. Nce4 {With the idea Nd6.} Rxd1+ 25. Rxd1 c5 26. f4 Kf8 (26... c4 $5 {[%cal Rc4b3]} 27. Bc2 Bb7 $15) 27. a5 $36 {[%mdl 2048] White fights for an advantage.} Bxa5 28. Ra1 Bc4 29. Rxa5 Bxb3 30. Nxc5 Bd5 31. Nf5 g6 32. Nd6 Bc6 33. Kf2 Ke7 34. g4 f6 35. Kg3 fxe5 36. fxe5 Nd7 37. Rxa7 Rxa7 {The position is equal.} 38. Nc8+ Ke8 (38... Kf7 {is more complex.} 39. Nxa7 Nxe5 40. Nxc6 Nxc6 41. Kf4 h6) 39. Nxa7 Nxe5 40. Kf4 Nd7 41. Nxc6 {[#] Threatens to win with Nxd7.} Nxc5 42. Kg5 h5 43. gxh5 (43. Kxg6 $5 {[%cal Rg4h5]} hxg4 44. Kf5 $16) 43... gxh5 44. Kxh5 {Precision: White = 43%, Black = 56%.} 1/2-1/2

[Event "8th HDBank Cup 2018"]
[Site "Hanoi"]
[Date "2018.03.10"]
[Round "2"]
[White "Santiago, Yago De Moura"]
[Black "Alfred, Nathan S W"]
[Result "1-0"]
[WhiteElo "2473"]
[BlackElo "2208"]
[Annotator "TA"]
[PlyCount "75"]
[EventDate "2018.??.??"]
[EventCountry "VIE"]
[SourceTitle "playchess.com"]
[Source "ChessBase"]
[SourceQuality "1"]

{[%evp 9,75,0,0,-25,0,0,0,-2,62,77,78,76,69,92,152,64,69,61,60,65,123,121,120,132,124,125,133,100,146,136,154,164,234,214,208,206,241,239,592,171,177,174,182,172,220,220,220,220,207,197,209,212,204,202,345,346,346,345,487,454,613,607,718,711,671,645,463,443]} 1. d4 Nf6 2. Nc3 d5 3. Bf4 g6 4. e3 Bg7 5. h4 c5 {LiveBook: 22 Games} (5... h5 6. Nf3 Bg4 7. Be2 Bxf3 8. Bxf3 c6 9. Qd2 Nbd7 10. O-O-O b5 11. Kb1 {½-½ (34) Aronian,L (2797)-Vachier Lagrave,M (2793) Caleta 2018}) 6. h5 {D00: 1 d4 d5: Unusual lines} (6. dxc5 {NOTEXT} Qa5 7. Nf3 Nc6 8. Qd2 Qxc5 9. O-O-O) 6... Nxh5 7. Rxh5 gxh5 8. Qxh5 {The position is equal.} cxd4 $146 ({Black should try} 8... Be6 $11) ({Find the theoretical novelty and annotate with similar games:} 8... Be6 9. O-O-O Nc6 10. Nf3 Qd7 11. Be2 cxd4 12. exd4 {0-1 (24) Miatto,M (1761)-Zenari,M (2019) Arco 2017}) 9. Nxd5 $14 {Black must now prevent Nc7+.} e5 10. Bh6 Qxd5 11. Bxg7 Qa5+ (11... Rg8 $142 12. Qxh7 f5 13. Bxe5 (13. Bb5+ Nc6 $11) 13... Nc6) 12. Kd1 ({White should play} 12. c3 $1 $16 dxc3 13. b4) 12... dxe3 13. fxe3 Rg8 14. Qxh7 {[#]} Bg4+ (14... Rxg7 $1 $14 {[%mdl 512]} 15. Qxg7 Qc5) 15. Nf3 $16 Bxf3+ 16. gxf3 Rxg7 17. Qxg7 {Strongly threatening Bc4.} Nd7 18. Bd3 O-O-O 19. Ke2 $1 e4 20. Bxe4 Qh5 (20... Ne5 {is a better defense.} 21. Rd1 Qa6+ 22. Bd3 Nxd3 23. cxd3 Qd6) 21. Rg1 Nf6 22. Qg5 Qh2+ 23. Rg2 $1 Nxe4 $2 {[#]} (23... Qd6 24. Bf5+ Kc7) 24. Qg4+ $2 ({Stronger than} 24. Rxh2 Nxg5 25. Rh5 Rg8 $17) (24. fxe4 Qh1 $16) (24. Qxd8+ $1 {[%mdl 512]} Kxd8 25. Rxh2) 24... f5 $18 25. Rxh2 ({And not} 25. Qxf5+ Kb8 $11) 25... fxg4 26. fxe4 {[%mdl 4096] Endgame KR-KR} Re8 27. Rg2 Rg8 {[#]} 28. Kf2 $1 Kd7 {[#]} 29. Kg3 $1 Ke6 30. Rh2 Ke5 31. Rh7 Kxe4 (31... Rb8 $142 32. Kxg4 Kxe4 33. Re7+ Kd5 34. e4+ Kc6) 32. Re7+ ({Don't play} 32. Rxb7 Rc8) 32... Kd5 33. Rxb7 a5 (33... Ra8 {was worth a try.} 34. Kxg4 Rc8) 34. Rb5+ {White is clearly winning.} Ke4 35. Rxa5 Kxe3 36. Ra4 Rc8 37. c3 Rb8 38. Rb4 {Precision: White = 69%, Black = 39%.} 1-0

[Event "8th HDBank Cup 2018"]
[Site "Hanoi"]
[Date "2018.03.10"]
[Round "2"]
[White "Li, Yankai"]
[Black "Le, Quang Liem"]
[Result "1/2-1/2"]
[WhiteElo "2434"]
[BlackElo "2736"]
[Annotator "TA"]
[PlyCount "76"]
[EventDate "2018.??.??"]
[EventCountry "VIE"]
[SourceTitle "playchess.com"]
[Source "ChessBase"]
[SourceQuality "1"]

{[%evp 29,76,10,32,17,19,18,30,20,20,19,17,7,6,10,12,4,4,0,0,0,11,0,10,11,10,10,10,7,14,0,6,0,5,8,8,8,1,0,0,0,12,0,0,0,0,0,0,0,0]} 1. d4 Nf6 2. c4 g6 3. Nc3 d5 4. Bg5 Ne4 5. Bf4 Nxc3 6. bxc3 Bg7 7. e3 O-O 8. Nf3 c5 9. cxd5 Qxd5 10. Be2 cxd4 11. cxd4 Nc6 12. O-O Bf5 13. Qa4 {D80: Grünfeld: Unusual White 4th moves and 4 Bg5} Qa5 14. Qxa5 Nxa5 15. Rfc1 Rfc8 {LiveBook: 8 Games} 16. Kf1 {[#]} Kf8 $146 ({Predecessor:} 16... Nc6 17. Ke1 Bf8 18. a3 Na5 19. Nd2 Bc2 {½-½ (19) Volkov,S (2554)-Leko,P (2743) New Delhi/Teheran 2000}) 17. h3 Ke8 18. Bb5+ Bd7 {The position is equal.} 19. Bxd7+ Kxd7 20. Ng5 f6 21. Ne4 b6 22. Ke2 Rc6 23. Rxc6 Nxc6 24. Rb1 Rc8 25. g4 Na5 26. Kd3 e5 27. dxe5 fxe5 28. Bg3 h6 29. f3 Ke6 30. Be1 {[#] Bxa5 is the strong threat.} Nb7 31. a4 Bf8 32. Bd2 Be7 33. Rb2 Rf8 34. Ke2 h5 35. Rb5 hxg4 36. hxg4 Nc5 37. Nxc5+ Bxc5 38. Bb4 Bxb4 {Precision: White = 66%, Black = 71%.} 1/2-1/2